000 00676nam a2200169 a 4500
008 201118s2010 ||||||||||||||||| || u
020 _a9780440865070
050 _aPZ 7.O768
100 _aMorpurgo, Michael
245 1 4 _aThe last wolf
_cBy Michael Morpurgo
260 _aLondon
_bCorgi Yearling Books
_c2010
300 _a91 pages
350 _a6.92
650 _aENGLISH LANGUAGE
995 _FCBU-MAIN LIBRARY (Kitwe)
_I6.92
_M2
_UAVAILABLE
_WDec 7, 2020
_ZFiction Collection
995 _FCBU-SCHOOL OF MEDICINE LIBRARY (Ndola)
_I6.92
_M1
_UAVAILABLE
_WNov 20, 2020
_ZFiction Collection
999 _c75545
_d75545